Hình tượng người phụ nữ trong truyện ngắn Thạch Lam

Thạch Lam - một cây bút sở trường. Nét đặc sắc của hình tượng người phụ nữ trong truyện ngắn Thạch Lam

Zapisane w:
Opis bibliograficzny
1. autor: Nguyễn Thị Vân Anh
Kolejni autorzy: Phan Thị Ngọc Lan Th.s (Hướng dẫn)
Format: Książka
Język:Vietnamese
Wydane: Đại học Đà Nẵng Đại học sư phạm 2009
Hasła przedmiotowe:
Etykiety: Dodaj etykietę
Nie ma etykietki, Dołącz pierwszą etykiete!
Thư viện lưu trữ: Mạng thư viện Đại học Đà Nẵng
LEADER 01394nam a2200349 4500
001 000010950
003 7177
005 20111223151254.0
008 111223s2009 viesd
041 |a vie 
072 |a Khóa luận tốt nghiệp 
082 |a 895.9223  |b NG-A 
100 |a Nguyễn Thị Vân Anh 
245 |a Hình tượng người phụ nữ trong truyện ngắn Thạch Lam  |c Nguyễn Thị Vân Anh 
260 |a Đại học Đà Nẵng  |b Đại học sư phạm  |c 2009 
300 |a 66tr.  |c 29 cm 
500 |a Khóa luận tốt nghiệp. Chuyên ngành cử nhân văn 
520 |a Thạch Lam - một cây bút sở trường. Nét đặc sắc của hình tượng người phụ nữ trong truyện ngắn Thạch Lam 
653 |a Thạch Lam 
653 |a Khóa luận tốt nghiệp 
653 |a Người phụ nữ 
700 |a Phan Thị Ngọc Lan  |c Th.s  |e Hướng dẫn 
OWN |a LSP 
AVA |a UDN50  |b LSP  |d 895.9223 NG-A  |e available  |t Error 5001 Not defined in file expand_doc_bib_avail.  |f 1  |g 0  |h N  |i 0  |k 1 
999 |a From the UDN01 
AVA |a UDN50  |b LSP  |d 895.9223 NG-A  |e available  |t Error 5001 Not defined in file expand_doc_bib_avail.  |f 1  |g 0  |h N  |i 0  |k 1 
TYP |a Monograph 
TYP |a Printed language 
980 |a Mạng thư viện Đại học Đà Nẵng